The effects of hotel attribute performance on electronic word-of-mouth (eWOM) behaviors / (Record no. 17447)
[ view plain ]
| 000 -LEADER | |
|---|---|
| fixed length control field | 00595nam a22001577a 4500 |
| 008 - FIXED-LENGTH DATA ELEMENTS--GENERAL INFORMATION | |
| fixed length control field | 221020b ||||| |||| 00| 0 eng d |
| 082 ## - DEWEY DECIMAL CLASSIFICATION NUMBER | |
| Classification number | DPer 910.46 In821 T156 2019 v 76PA |
| 100 ## - MAIN ENTRY--PERSONAL NAME | |
| Personal name | Yen, Chih-Lun Alan |
| Relator term | author. |
| 9 (RLIN) | 46437 |
| 245 ## - TITLE STATEMENT | |
| Title | The effects of hotel attribute performance on electronic word-of-mouth (eWOM) behaviors / |
| Statement of responsibility, etc. | Chih-Lun Alan Yen, Chun-Hung Hugo Tang. |
| 260 ## - PUBLICATION, DISTRIBUTION, ETC. (IMPRINT) | |
| Date of publication, distribution, etc. | © January 2019. |
| 300 ## - PHYSICAL DESCRIPTION | |
| Extent | v 76PA : pages 9-18 : |
| Other physical details | illustrations. |
| 650 ## - SUBJECT ADDED ENTRY--TOPICAL TERM | |
| Source of heading or term | Hospitality industry. |
| 650 ## - SUBJECT ADDED ENTRY--TOPICAL TERM | |
| Source of heading or term | Employee morale. |
| 700 ## - ADDED ENTRY--PERSONAL NAME | |
| Personal name | Tang, Chun-Hung Hugo. |
| Relator term | author. |
| 9 (RLIN) | 46438 |
| 942 ## - ADDED ENTRY ELEMENTS (KOHA) | |
| Source of classification or shelving scheme | Dewey Decimal Classification |
| Koha item type | Periodicals |
| Withdrawn status | Lost status | Source of classification or shelving scheme | Damaged status | Not for loan | Home library | Current library | Date acquired | Source of acquisition | Total Checkouts | Full call number | Date last seen | Price effective from | Koha item type | Public note |
|---|---|---|---|---|---|---|---|---|---|---|---|---|---|---|
| Dewey Decimal Classification | UM Digos College - LIC | UM Digos College - LIC | 10/20/2022 | DPer 910.46 In821 Jan 2019 vol. 76PA - 76PB | DPer 910.46 In821 2019 | 10/20/2022 | 10/20/2022 | Periodicals | DPer 910.46 In821 Jan 2019 vol. 76PA - 76PB |
